埼玉県の鉄道駅(北から南) - Statistics

General Stats
  • This quiz has been taken 33 times
    32 since last reset
  • The average score is 57 of 228
Answer Stats
駅名 緯度 % Correct
神保原 36.253590
95%
本庄 36.236229
86%
本庄早稲田 36.218833
68%
丹荘 36.216668
55%
柳生 36.206756
55%
岡部 36.205645
55%
新古河 36.192686
55%
児玉 36.192624
55%
深谷 36.191344
50%
籠原 36.174480
50%
川口元郷 35.800187
45%
和光市 35.788507
45%
西羽生 36.176350
41%
熊谷 36.139627
41%
谷塚 35.814926
41%
戸田公園 35.807906
41%
八潮 35.807905
41%
新座 35.803810
41%
川口 35.801869
41%
松久 36.172938
36%
羽生 36.170345
36%
用土 36.153858
36%
石原 36.147612
36%
朝霞台 35.814328
36%
新所沢 35.805854
36%
航空公園 35.798272
36%
朝霞 35.796736
36%
東所沢 35.794610
36%
所沢 35.786627
36%
新郷 36.171317
32%
ひろせ野鳥の森 36.146242
32%
上熊谷 36.142657
32%
武川 36.142197
32%
栗橋 36.137034
32%
草加 35.828476
32%
北朝霞 35.815475
32%
金子 35.810822
32%
狭山ヶ丘 35.810445
32%
小手指 35.800535
32%
西所沢 35.789303
32%
下山口 35.779410
32%
西武球場前 35.770930
32%
西武園ゆうえんち 35.769042
32%
南羽生 36.149590
27%
東行田 36.147265
27%
大麻生 36.144612
27%
行田市 36.143759
27%
明戸 36.142958
27%
小前田 36.128950
27%
桜沢 36.128672
27%
寄居 36.118013
27%
玉淀 36.117071
27%
鉢形 36.113780
27%
花崎 36.109891
27%
鷲宮 36.096260
27%
みなみ寄居 36.092417
27%
東鷲宮 36.089428
27%
竹沢 36.075466
27%
東武竹沢 36.075400
27%
北越谷 35.901724
27%
浦和美園 35.893677
27%
新河岸 35.890911
27%
越谷 35.887529
27%
与野 35.884393
27%
与野本町 35.880968
27%
吉川 35.876620
27%
越谷レイクタウン 35.876353
27%
東川口 35.876211
27%
南越谷 35.876106
27%
新越谷 35.875186
27%
上福岡 35.873855
27%
吉川美南 35.868056
27%
南与野 35.867456
27%
蒲生 35.866851
27%
東浦和 35.864079
27%
ふじみ野 35.860735
27%
戸塚安行 35.858873
27%
新三郷 35.858667
27%
浦和 35.858496
27%
新田 35.854086
27%
中浦和 35.853769
27%
東飯能 35.852928
27%
飯能 35.851189
27%
南浦和 35.847648
27%
武蔵浦和 35.846047
27%
鶴瀬 35.845776
27%
三郷 35.845004
27%
西浦和 35.844139
27%
獨協大学前 35.843330
27%
新井宿 35.842974
27%
入間市 35.842904
27%
元加治 35.840580
27%
みずほ台 35.838233
27%
仏子 35.837690
27%
鳩ヶ谷 35.830859
27%
柳瀬川 35.830723
27%
35.827959
27%
北戸田 35.826883
27%
三郷中央 35.824514
27%
志木 35.822105
27%
戸田 35.817665
27%
南鳩ヶ谷 35.816839
27%
西川口 35.815514
27%
武州荒木 36.162614
23%
ソシオ流通センター 36.136500
23%
ふかや花園 36.132056
23%
樋口 36.131076
23%
波久礼 36.126728
23%
加須 36.122992
23%
行田 36.113879
23%
南栗橋 36.113157
23%
男衾 36.107415
23%
吹上 36.103062
23%
折原 36.096296
23%
長瀞 36.095462
23%
北鴻巣 36.085529
23%
久喜 36.065684
23%
鴻巣 36.059200
23%
小川町 36.059030
23%
武蔵嵐山 36.044001
23%
つきのわ 36.043520
23%
和戸 36.039562
23%
新白岡 36.038732
23%
東松山 36.034608
23%
北本 36.032112
23%
東武動物公園 36.024604
23%
白岡 36.017740
23%
内宿 36.014163
23%
羽貫 36.007311
23%
姫宮 36.004384
23%
明覚 36.003309
23%
高坂 36.002572
23%
伊奈中央 35.999537
23%
桶川 35.998375
23%
北春日部 35.990655
23%
北上尾 35.985632
23%
蓮田 35.981272
23%
丸山 35.979890
23%
岩槻 35.950239
23%
東大宮 35.948751
23%
七里 35.936464
23%
大宮 35.907599
23%
高麗川 35.896328
23%
さいたま新都心 35.893867
23%
北与野 35.890678
23%
高麗 35.881982
23%
北浦和 35.872053
23%
稲荷山公園 35.845112
23%
入曽 35.832481
23%
武蔵藤沢 35.820963
23%
永田 36.135314
18%
野上 36.111570
18%
上長瀞 36.086169
18%
幸手 36.074297
18%
皆野 36.068682
18%
杉戸高野台 36.051536
18%
和銅黒谷 36.046671
18%
森林公園 36.045239
18%
秩父 35.998830
18%
御花畑 35.992369
18%
西武秩父 35.990061
18%
横瀬 35.985548
18%
南桜井 35.980441
18%
藤の牛島 35.980260
18%
春日部 35.980095
18%
八木崎 35.978376
18%
芦ヶ久保 35.976505
18%
上尾 35.973522
18%
北坂戸 35.972098
18%
影森 35.972015
18%
豊春 35.968014
18%
原市 35.964072
18%
東岩槻 35.963273
18%
越生 35.962559
18%
坂戸 35.957181
18%
若葉 35.948919
18%
宮原 35.940256
18%
一本松 35.940080
18%
土呂 35.931997
18%
日進 35.931555
18%
大和田 35.929359
18%
大袋 35.924370
18%
大宮公園 35.923740
18%
鉄道博物館 35.920271
18%
北大宮 35.917160
18%
川越市 35.914146
18%
本川越 35.913524
18%
吾野 35.908502
18%
川越 35.906742
18%
東吾野 35.892439
18%
武蔵横手 35.885256
18%
新狭山 35.873993
18%
狭山市 35.856936
18%
持田 36.137615
14%
親鼻 36.077539
14%
志久 35.991099
14%
一ノ割 35.964120
14%
三峰口 35.960075
14%
吉野原 35.957065
14%
武州唐沢 35.952127
14%
今羽 35.949941
14%
武里 35.949102
14%
東毛呂 35.947058
14%
東宮原 35.942620
14%
武州長瀬 35.942023
14%
毛呂 35.940806
14%
正丸 35.938324
14%
川角 35.937438
14%
鶴ヶ島 35.936771
14%
せんげん台 35.935832
14%
西吾野 35.927082
14%
西大宮 35.922281
14%
西川越 35.919090
14%
指扇 35.917023
14%
南古谷 35.903344
14%
武蔵高萩 35.901729
14%
南大塚 35.889663
14%
大野原 36.018586
9%
沼南 35.971165
9%
浦山口 35.963922
9%
白久 35.958950
9%
武州中川 35.958347
9%
武州日野 35.953867
9%
加茂宮 35.935680
9%
西大家 35.931698
9%
霞ヶ関 35.925635
9%
的場 35.917478
9%
笠幡 35.907551
9%
No matching quizzes found
Score Distribution
Percent of People with Each Score
Percentile by Number Answered
Your Score History
You have not taken this quiz since the last reset